00895nam a2200205 a 4500003000200000005001700002008004100019050003400060100004000094245014200134260009200276300004800368504004100416650002900457650004500486650003700531650003700568650004500605650003900650020250610091653.0021114s19uu xx 00 eng d aPGS PN 1992.3.C45b.C352 1999 aCastillo, Kristine Ann Gabrielle D. aTV viewing preferences and perceptions of grade school students of Southville International School /cKristine Ann Gabrielle D. Castillo. aLas Piñas City, Philippines : bSouthville International School and Colleges,c1999. a41 pages :bcolored illustrations ;c28 cm. aIncludes bibliographical references. aTelevision and children. aTelevision programsvJuvenile audiences. aTelevision viewersvAttitudes.  aTelevision programsvViewership. aChildrenvAttitudes toward television.  aMass mediavInfluence on children.